| 000 | 00699nam a22002417a 4500 | ||
|---|---|---|---|
| 003 | UA-OsUOA | ||
| 001 | 86582 | ||
| 007 | ta | ||
| 008 | 20120906b un ||||| |||| 00| 0 ukr d | ||
| 100 | _aТрактуев М. И. | ||
| 090 |
_a94(477).09 _bТ65 |
||
| 942 | _cBK | ||
| 040 |
_aUA-OsUOA _brus _cUA-OsUOA _dUA-OsUOA |
||
| 245 | _aОсвобождение Западной Украины | ||
| 300 | _a80 с. | ||
| 955 | _a2 | ||
| 041 | _arus | ||
| 080 | _a94(477).09 | ||
| 260 |
_aМ. _bВоениздат _c1954 |
||
| 246 | 3 | 1 |
_aШестой удар Советской Армии (1944 год) _n |
| 650 | 7 |
_a9 Географія. Біографії. Історія _2UDC |
|
| 999 |
_c372692 _d372692 |
||